|
|
|
|
| LEADER |
01935nam a2200517 a 4500 |
| 001 |
nkc20142639287 |
| 003 |
CZ PrNK |
| 005 |
20150120085158.0 |
| 007 |
ta |
| 008 |
141120s2014 xr acfhg 000 1acze |
| 015 |
|
|
|a cnb002639287
|
| 020 |
|
|
|a 978-80-905866-1-1
|q (váz.)
|
| 035 |
|
|
|a (OCoLC)900137466
|
| 040 |
|
|
|a ABA001
|b cze
|
| 043 |
|
|
|a e-xr---
|
| 045 |
|
|
|a x4y1
|
| 072 |
|
7 |
|a 655
|x Polygrafie. Vydavatelství a knižní obchod
|2 Konspekt
|9 12
|
| 072 |
|
7 |
|a 929
|x Biografie
|2 Konspekt
|9 8
|
| 080 |
|
|
|a 655.421-051
|2 MRF
|
| 080 |
|
|
|a 821.162.3-051
|2 MRF
|
| 080 |
|
|
|a 929
|2 MRF
|
| 080 |
|
|
|a (437.3)
|2 MRF
|
| 080 |
|
|
|a (0:82-94)
|2 MRF
|
| 100 |
1 |
|
|a Ebr, Vratislav,
|d 1942-2023
|7 jn19981000941
|4 aut
|
| 245 |
1 |
0 |
|a Narozen na popravišti :
|b od Heydricha ke knihám-- /
|c Vratislav Ebr, Marie Formáčková
|
| 250 |
|
|
|a 1. vyd.
|
| 260 |
|
|
|a Praha :
|b Bondy,
|c 2014
|
| 300 |
|
|
|a 167 s., [24] s. obr. příl. :
|b il., portréty, faksim. ;
|c 22 cm
|
| 504 |
|
|
|a Obsahuje bibliografii
|
| 600 |
1 |
7 |
|a Ebr, Vratislav,
|d 1942-2023
|7 jn19981000941
|2 czenas
|
| 600 |
1 |
7 |
|a Valčík, Josef,
|d 1914-1942
|7 pna2006338160
|2 czenas
|
| 610 |
2 |
7 |
|a Arbesovo knihkupectví (Praha, Česko)
|7 kn20071111004
|2 czenas
|
| 648 |
|
7 |
|a 20.-21. století
|7 ch462155
|2 czenas
|
| 648 |
|
4 |
|a 1942-2014
|
| 650 |
0 |
7 |
|a knihkupci
|7 ph114923
|z Česko
|y 20.-21. století
|2 czenas
|
| 650 |
0 |
7 |
|a čeští spisovatelé
|7 ph128175
|y 20.-21. století
|2 czenas
|
| 650 |
0 |
9 |
|a booksellers
|z Czechia
|y 20th-21st centuries
|2 eczenas
|
| 650 |
0 |
9 |
|a Czech authors
|y 20th-21st centuries
|2 eczenas
|
| 655 |
|
7 |
|a autobiografické vzpomínky
|7 fd131854
|2 czenas
|
| 655 |
|
9 |
|a autobiographical reminiscences
|2 eczenas
|
| 700 |
1 |
|
|a Formáčková, Marie,
|d 1952-
|7 jn20000400712
|4 aut
|
| 910 |
2 |
|
|a BOA001
|b 2-1336.455
|
| 990 |
|
|
|a BK
|
| 995 |
|
|
|a 01
|
| 991 |
|
|
|b 201501
|c NOV
|e n
|
| 996 |
6 |
|
|b 2610617806
|c 2-1336.455
|l MZK
|r Sklad / do 1 hodiny
|n 3
|p p.v.
|w 001481543
|u 000010
|a 1
|e BOA001
|j MZK50
|s P
|